LEADER 01158nam a22002651i 4500 001 991000695769707536 005 20030227175329.0 008 021024s1978 it |||||||||||||||||ita 035 $ab12041841-39ule_inst 035 $aARCHE-013164$9ExL 040 $aDip.to Filologia Ling. e Lett.$bita$cA.t.i. Arché s.c.r.l. Pandora Sicilia s.r.l. 082 04$a335.4 100 1 $aRazeto Migliaro, Luis$0143016 245 10$aSociologia e marxismo nella critica di Gramsci :$bdalla critica delle sociologie alla scienza della storia e della politica /$cLuis Razeto Migliaro, Pasquale Misuraca 260 $aBari :$bDe Donato,$c1978 300 $a153 p. ;$c21 cm 490 0 $aIdeologia e società 650 4$aGramsci, Antonio$xSaggi 700 1 $aMisuraca, Pasquale$eauthor$4http://id.loc.gov/vocabulary/relators/aut$0143017 907 $a.b12041841$b28-04-17$c01-04-03 912 $a991000695769707536 945 $aLE008 Cr L II 3$g1$i2008000229634$lle008$o-$pE0.00$q-$rl$s- $t0$u0$v0$w0$x0$y.i12334194$z01-04-03 996 $aSociologia e marxismo nella critica di Gramsci$9956084 997 $aUNISALENTO 998 $ale008$b01-04-03$cm$da $e-$fita$git $h0$i1